000 00507nam a2200145 a 4500
008 120416s1978 ||||||||||||||||| || u
050 _aHM 24 Bee
100 _aBeehler, Rodger
245 1 4 _aThe Philosophy of society
_cedited by Rodger Beehler
260 _aLondon
_bMethuen
_c1978
300 _ax, 437p.
350 _a0.00
700 _aDrengson, Alan R
995 _D0.00
_FCBU-MAIN LIBRARY (Kitwe)
_H1
_I0.00
_UAVAILABLE
_ZAnnex Low-Usage Collection
999 _c53504
_d53504